Экономическое обоснование миграции ИТ-приложений в облачную среду; Инновационные технологии в машиностроении

Xehetasun bibliografikoak
Parent link:Инновационные технологии в машиностроении.— 2019.— [С. 271-275]
Egile nagusia: Разумников С. В. Сергей Викторович
Erakunde egilea: Национальный исследовательский Томский политехнический университет Юргинский технологический институт (филиал) Отделение цифровых технологий
Gaia:Заглавие с экрана
Важным составляющим для обоснования внедрения облачных технологий на уровне виртуальной инфраструктуры являются технико-экономические расчеты. В этой статье рассматриваются модели для расчета экономической эффективности перехода к облачным технологиям на примере IaaS, которые помогут оценить объем вложений и выбрать оптимальный вариант реализации ИТ-инфраструктуры.
An important component to justify the introduction of cloud technologies at the level of virtual infrastructure are technical and economic calculations. This article discusses the model for calculating the economic efficiency of the transition to cloud technologies on the example of IaaS, which will help to assess the amount of investments and choose the best option for implementing IT infrastructure.
Hizkuntza:errusiera
Argitaratua: 2019
Saila:Цифровые технологии и менеджмент на предприятии
Gaiak:
Sarrera elektronikoa:http://earchive.tpu.ru/handle/11683/55354
Formatua: MixedMaterials Baliabide elektronikoa Liburu kapitulua
KOHA link:https://koha.lib.tpu.ru/cgi-bin/koha/opac-detail.pl?biblionumber=629625

MARC

LEADER 00000naa2a2200000 4500
001 629625
005 20231218155359.0
035 |a (RuTPU)RU\TPU\conf\30308 
035 |a RU\TPU\conf\30307 
090 |a 629625 
100 |a 20190723d2019 k y0rusy50 ca 
101 0 |a rus 
102 |a RU 
105 |a y z 101zy 
135 |a drcn ---uucaa 
181 0 |a i  
182 0 |a b 
200 1 |a Экономическое обоснование миграции ИТ-приложений в облачную среду  |f С. В. Разумников 
203 |a Текст  |c электронный 
225 1 |a Цифровые технологии и менеджмент на предприятии 
300 |a Заглавие с экрана 
320 |a [Библиогр.: с. 275 (8 назв.)] 
330 |a Важным составляющим для обоснования внедрения облачных технологий на уровне виртуальной инфраструктуры являются технико-экономические расчеты. В этой статье рассматриваются модели для расчета экономической эффективности перехода к облачным технологиям на примере IaaS, которые помогут оценить объем вложений и выбрать оптимальный вариант реализации ИТ-инфраструктуры. 
330 |a An important component to justify the introduction of cloud technologies at the level of virtual infrastructure are technical and economic calculations. This article discusses the model for calculating the economic efficiency of the transition to cloud technologies on the example of IaaS, which will help to assess the amount of investments and choose the best option for implementing IT infrastructure. 
463 0 |0 (RuTPU)RU\TPU\conf\30067  |t Инновационные технологии в машиностроении  |o сборник трудов X Международной научно-практической конференции, 23–25 мая 2019 г., Юрга  |f Национальный исследовательский Томский политехнический университет (ТПУ), Юргинский технологический институт (ЮТИ) ; под ред. Е. А. Зернина  |v [С. 271-275]  |d 2019 
610 1 |a электронный ресурс 
610 1 |a труды учёных ТПУ 
610 1 |a экономическое обоснование 
610 1 |a облачные технологии 
610 1 |a управление 
610 1 |a безопасность 
610 1 |a приложения 
610 1 |a стратегия 
610 1 |a виртуальная инфраструктура 
610 1 |a cloud technologies 
610 1 |a management 
610 1 |a security 
610 1 |a applications 
610 1 |a strategy 
700 1 |a Разумников  |b С. В.  |c специалист в области информатики и вычислительной техники  |c доцент Юргинского технологического института (филиала) Томского политехнического университета, кандидат технических наук  |f 1988-  |g Сергей Викторович  |3 (RuTPU)RU\TPU\pers\31649  |9 15786 
712 0 2 |a Национальный исследовательский Томский политехнический университет  |b Юргинский технологический институт (филиал)  |b Отделение цифровых технологий  |3 (RuTPU)RU\TPU\col\24718 
801 2 |a RU  |b 63413507  |c 20200527  |g RCR 
856 4 |u http://earchive.tpu.ru/handle/11683/55354 
942 |c BK